Movies Quiz

Random Movies or Christmas Quiz

It's a Wonderful Life Surnames Quiz Stats

 Plays Quiz not verified by Sporcle

Score 0/15 Timer 05:00
0 Plays Today
First Name Last Name % Correct
GeorgeBailey
99.4%
MaBailey
99.4%
PeterBailey
99.4%
HarryBailey
99.4%
PeteyBailey
99.4%
TommyBailey
99.4%
JanieBailey
99.4%
ZuzuBailey
99.4%
First Name Last Name % Correct
Mary (Married name)Bailey
99.4%
William (Uncle Billy)Bailey
99.4%
Henry F.Potter
81.8%
Mary (Maiden name)Hatch
81%
SamWainwright
79%
VioletBick
53.7%
'Mrs.' (Zuzu's teacher)Welsh
40.3%

You're not logged in!

Compare scores with friends on all Sporcle quizzes.
OR
Log In

Show Comments

Extras

Top Quizzes Today


Score Distribution

Your Account Isn't Verified!

In order to create a playlist on Sporcle, you need to verify the email address you used during registration. Go to your Sporcle Settings to finish the process.

Report this User

Report this user for behavior that violates our Community Guidelines.

Details: